000
00316nam a22001337a 4500
003
OSt
005
20230817051642.0
008
230817b |||||||| |||| 00| 0 eng d
040
_c
IIMT UNIVERSITY
100
_a
SINGH, RAMESH
245
_a
INDIAN ECONOMY
260
_a
NEW DELHI
_b
MC GRAW HILL
_c
2018
942
_2
ddc
_c
06
999
_c
57066
_d
57066